000 00912cam a2200301 i 4500
001 177668
003 OSt
005 20240423173229.0
008 830901s1957 njua b 001 0 eng d
020 _a0133900398
035 _a(OCoLC)19744168
035 _a(OCoLC)ocm19744168
035 _a(CStRLIN)NYCG83-B53075
035 _a(NNC)177668
040 _aNNC
_cNNC
082 _a150.9
_bBOR
090 _aBF95
_b.B6 1957
100 1 _aBoring, Edwin Garrigues,
_d1886-1968.
_9122459
245 1 2 _aA history of experimental psychology /
_cEdwin G. Boring.
260 _aNew Delhi
_bCosmo publications
_c2007
300 _axxi, 699 p. :
_bill. ;
_c24 cm.
490 1 _aThe Century psychology series
504 _aIncludes bibliographical references and indexes.
650 0 _aPsychology, Experimental
_xHistory.
_9122460
830 0 _aCentury psychology series.
_9122461
942 _2ddc
_cBK
999 _c2906
_d2906